Výstava výtvarníkov Bratislavského a Nitrianskeho kraja

Bibliographic Details
Corporate Author: Sväz slovenských výtvarných umelcov (Bratislava, Slovensko) (Author)
Format: Book
Language:Slovak
PhysicalDescription:[40] nečíslovaných strán, [28] strán obrazových príloh fotografie, ilustrácie 21 cm
Published: Bratislava [Dielo] 1958
Subjects:

MARC

LEADER 00000cam a2200000 a 4500
001 vtls008311853
003 SK-MaSNL
005 20260426002951.0
008 230403s1958 xo oa f c 000 0 slo
015 |a SNBA1959/01-00203 
020 |q (brožované) 
035 |a SK01SNK19590004070 
035 |a urn:nbn:sk:snk-am3i8rk 
035 |a 0CB8FD13-ADE7-479B-8C9E-0F7D0ABD234C 
035 |a urn:nbn:sk:snk-am00dxo3 
035 |a SKM000006533 
040 |a SNK  |b slo  |c SNK  |e AACR2 
041 0 |a slo 
043 |a e-xo--- 
044 |a xo  |c SK 
072 7 |a 72/76  |x Výtvarné umenie  |2 konspekt 
080 |a 73/76(437.6):061.4(083.8)  |2 1981 
080 |a 72/76(437.6)  |2 2011 
080 |a (437.611)  |2 2011 
080 |a (437.614)  |2 2011 
080 |a (083.824)  |2 2011 
110 2 |a Sväz slovenských výtvarných umelcov (Bratislava, Slovensko)  |4 aut  |9 381932 
245 0 0 |a Výstava výtvarníkov Bratislavského a Nitrianskeho kraja  |c [usporiadal Sväz slovenských výtvarných umelcov] 
260 |a Bratislava  |b [Dielo]  |c 1958 
300 |a [40] nečíslovaných strán, [28] strán obrazových príloh  |b fotografie, ilustrácie  |c 21 cm 
500 |a Zoznam vystavených diel na strane 
650 0 7 |a slovenskí výtvarní umelci  |2 SNKPH  |9 83355 
650 0 7 |a slovenské výtvarné umenie  |2 SNKPH  |9 68597 
651 7 |a Bratislavský kraj (Slovensko)  |2 SNKPHgeo  |9 160207 
651 7 |a Nitriansky kraj (Slovensko)  |2 SNKPHgeo  |9 161510 
655 7 |a katalógy výstav  |2 SNKPH  |9 70445 
852 |a Slovenská národná knižnica 
954 |a odborná, vedecká literatúra pôvodná (slovenská)  |2 lita 
958 |a OND 
958 |a RK 
958 |a TL 
958 |a SP 
958 |a EUIPO 
999 |c 932012  |d 933942 
952 |a SNK  |b SNK  |y PREZ  |7 0  |p 17A0845202  |o snkSC 12598  |i snkKSP 265/59  |0 0  |1 0  |4 0  |d 2020-01-16  |f 1  |l 0  |r 2025-07-16 00:00:00  |w 2026-02-24